LDR 00845naa#a2200193#i#450# 001 EN\\bibl\121726 005 20260501194900.5 011 ## _a1998-8990 100 ## _a20260423b2026####ek#y0engy0150####ca 102 ## _aRU 200 1# _aAN OPTIMAL CONFIGURATION KIT FOR UNMANNED AERIAL VEHICLES FOR INFORMATION COLLECTION AT THE SCENE OF AN EMERGENCY _eJournal article 210 1# _aSaint-Petersburg _cSaint-Petersburg University of State Fire Service of Emercom of Russia _d2026 215 ## _a14 с. 608 ## _aJournal article _2local 675 ## _aНесчастные случаи, их опасность, профилактика и борьба с ними. 614.8 _aбеспилотные. 623.746.-519 _z 700 #1 _aShamsudinov _gGleb Yur'evich 700 #1 _aYarovoi _gVyacheslav Yurievich 700 #1 _aMihailova _gAnna Konstantinovna 856 4# _ajournals.igps.ru _u